[Event "XXII. DBMM Schach"]
[Site "Dresden"]
[Date "2024.01.20"]
[Round "5.3"]
[Board "3"]
[White "Hartig, Uwe"]
[Black "Nischke, Klaus Peter"]
[Result "0-1"]
[WhiteElo "1990"]
[BlackElo "1670"]
[Annotator "br"]
[PlyCount "58"]
[GameId "489223828014"]
[EventDate "2024.01.18"]
[EventType "team-swiss"]
[EventRounds "7"]
[EventCountry "GER"]
[Tiebreak "Buchholz"]
[SourceTitle "XXII. DBMM Schach"]
[Source "FV Schach e.V."]
[SourceDate "2024.01.21"]
[SourceVersion "1"]
[SourceVersionDate "2024.01.21"]
[SourceQuality "1"]
[WhiteTeam "EFS Filtertechnik Erkrath"]
[BlackTeam "R+V Versicherung Wiesbaden"]
[WhiteTeamCountry "GER"]
[BlackTeamCountry "GER"]

1. e4 c6 2. d3 d5 3. Nd2 e5 4. Ngf3 Bg4 5. Be2 Nd7 6. O-O Ngf6 7. a3 Bd6 8. b4 O-O 9. Bb2 a5 10. exd5 cxd5 11. h3 Bxf3 12. Nxf3 axb4 13. axb4 Rxa1 14. Qxa1 d4 15. c3 dxc3 16. Bxc3 Qb6 17. Rb1 e4 18. dxe4 Nxe4 19. Bd4 Qd8 20. Bxg7 Re8 21. Bc4 Ng5 22. Kh1 Nxf3 23. gxf3 Qh4 24. Kg2 Qxc4 25. Rg1 Re6 26. Kh1 Rg6 27. Bh6 Qe6 28. Qg7+ Rxg7 29. Rxg7+ Kh8 0-1

[Event "XXII. DBMM Schach"]
[Site "Dresden"]
[Date "2024.01.20"]
[Round "5.4"]
[Board "4"]
[White "Schmidt, Joerg"]
[Black "De Leroy, Babs"]
[Result "0-1"]
[WhiteElo "1762"]
[BlackElo "1722"]
[Annotator "br"]
[PlyCount "140"]
[GameId "489223828015"]
[EventDate "2024.01.18"]
[EventType "team-swiss"]
[EventRounds "7"]
[EventCountry "GER"]
[Tiebreak "Buchholz"]
[SourceTitle "XXII. DBMM Schach"]
[Source "FV Schach e.V."]
[SourceDate "2024.01.21"]
[SourceVersion "1"]
[SourceVersionDate "2024.01.21"]
[SourceQuality "1"]
[WhiteTeam "R+V Versicherung Wiesbaden"]
[BlackTeam "EFS Filtertechnik Erkrath"]
[WhiteTeamCountry "GER"]
[BlackTeamCountry "GER"]

1. Nf3 Nf6 2. e3 d5 3. c4 c6 4. Nc3 e6 5. b3 Be7 6. Bb2 O-O 7. Qc2 Nbd7 8. d4 b6 9. cxd5 cxd5 10. Bd3 Bb7 11. O-O Rc8 12. Rfc1 Qc7 13. Qe2 Qb8 14. a3 Ne4 15. Nd2 f5 16. Bb5 Ndf6 17. Ncxe4 fxe4 18. Nf1 Qa8 19. b4 Bd6 20. Ng3 g6 21. Qd1 Qb8 22. Rxc8 Bxc8 23. Rc1 h5 24. Be2 Bd7 25. Nf1 Rf7 26. Bc3 Qe8 27. Be1 e5 28. dxe5 Qxe5 29. Bc3 Qf5 30. Rc2 Ba4 31. Ng3 Bxg3 32. hxg3 Rc7 33. Qd4 Bxc2 34. g4 hxg4 35. Qxf6 Qxf6 36. Bxf6 Kf7 37. Be5 Re7 38. Bf4 Re6 39. Bxg4 Rc6 40. Be5 Ba4 41. Kh2 Rc2 42. Bd1 Ke6 43. Bd4 Bb3 44. Bg4+ Kd6 45. Kg3 Ra2 46. Kf4 Rxf2+ 47. Kg3 Ra2 48. Bh3 Rxa3 49. Kf4 Ke7 50. Ke5 Ra2 51. g3 Rh2 52. Bf1 Rf2 53. Bh3 Rf3 54. Bc8 Rxg3 55. Kf4 Rf3+ 56. Kg5 Kf7 57. Bg4 Rf2 58. Be5 a5 59. b5 Bc4 60. Bd7 a4 61. Bc7 Re2 62. Bxb6 a3 63. Bd4 a2 64. b6 Rxe3 65. Ba4 Ba6 66. Bc6 Rg3+ 67. Kf4 Rf3+ 68. Kg5 Ke6 69. Bb5 Bxb5 70. b7 Rf8 0-1

[Event "XXII. DBMM Schach"]
[Site "Dresden"]
[Date "2024.01.20"]
[Round "5.1"]
[Board "1"]
[White "Wirth, Steffen"]
[Black "Hund, Sarah"]
[Result "1/2-1/2"]
[WhiteElo "1826"]
[BlackElo "2015"]
[Annotator "br"]
[PlyCount "45"]
[GameId "489223828016"]
[EventDate "2024.01.18"]
[EventType "team-swiss"]
[EventRounds "7"]
[EventCountry "GER"]
[Tiebreak "Buchholz"]
[SourceTitle "XXII. DBMM Schach"]
[Source "FV Schach e.V."]
[SourceDate "2024.01.21"]
[SourceVersion "1"]
[SourceVersionDate "2024.01.21"]
[SourceQuality "1"]
[WhiteTeam "Gardez Robe Berlin II"]
[BlackTeam "SV Sparkassenversicherung Suttgart"]
[WhiteTeamCountry "GER"]
[BlackTeamCountry "GER"]

1. d4 d5 2. Nf3 Nf6 3. e3 c5 4. c3 e6 5. Bd3 Nbd7 6. Nbd2 b6 7. O-O Bb7 8. Qe2 Ne4 9. Ne5 Bd6 10. Bb5 Bxe5 11. dxe5 O-O 12. f4 a6 13. Bd3 f6 14. exf6 Rxf6 15. Nf3 Qc7 16. Bd2 Rh6 17. g3 e5 18. Bxe4 dxe4 19. Qc4+ Kh8 20. Ng5 Rf6 21. Nf7+ Kg8 22. fxe5 b5 23. Nh6+ 1/2-1/2

[Event "XXII. DBMM Schach"]
[Site "Dresden"]
[Date "2024.01.20"]
[Round "5.2"]
[Board "2"]
[White "Schimmele, Alexander"]
[Black "Stamatow, Christian"]
[Result "1-0"]
[WhiteElo "1969"]
[BlackElo "1843"]
[Annotator "br"]
[PlyCount "109"]
[GameId "489223828017"]
[EventDate "2024.01.18"]
[EventType "team-swiss"]
[EventRounds "7"]
[EventCountry "GER"]
[Tiebreak "Buchholz"]
[SourceTitle "XXII. DBMM Schach"]
[Source "FV Schach e.V."]
[SourceDate "2024.01.21"]
[SourceVersion "1"]
[SourceVersionDate "2024.01.21"]
[SourceQuality "1"]
[WhiteTeam "SV Sparkassenversicherung Suttgart"]
[BlackTeam "Gardez Robe Berlin II"]
[WhiteTeamCountry "GER"]
[BlackTeamCountry "GER"]

1. e4 e5 2. Nf3 Nc6 3. d4 exd4 4. Nxd4 Qf6 5. Be3 Bb4+ 6. c3 Ba5 7. Bc4 Nge7 8. O-O O-O 9. Nd2 d6 10. Kh1 Bb6 11. N2b3 Ng6 12. Qd2 Qe7 13. f3 Nce5 14. Be2 Bd7 15. Rae1 Rae8 16. f4 Nc6 17. f5 Nxd4 18. Nxd4 Bxd4 19. cxd4 Nh8 20. f6 Qxe4 21. fxg7 Qxe3 22. Qxe3 Rxe3 23. gxf8=Q+ Kxf8 24. Bc4 Rxe1 25. Rxe1 c6 26. g3 Ng6 27. Rf1 d5 28. Bd3 Kg7 29. Kg2 Be6 30. Bxg6 hxg6 31. Kf3 Kf6 32. h4 Ke7 33. Kf4 Kd6 34. g4 f6 35. Re1 Bf7 36. Rh1 Ke6 37. b4 a6 38. h5 g5+ 39. Ke3 Bg8 40. a4 Bh7 41. Rc1 Kd6 42. b5 axb5 43. axb5 f5 44. gxf5 Bxf5 45. bxc6 bxc6 46. Rg1 g4 47. Kf4 Bh7 48. Rxg4 Bc2 49. h6 c5 50. dxc5+ Kxc5 51. Rg7 Kd4 52. h7 Bxh7 53. Rxh7 Kd3 54. Rd7 d4 55. Ke5 1-0

[Event "XXII. DBMM Schach"]
[Site "Dresden"]
[Date "2024.01.20"]
[Round "5.3"]
[Board "3"]
[White "Wittkowski, Ralf"]
[Black "Kecker, Christopher"]
[Result "0-1"]
[WhiteElo "1780"]
[BlackElo "1564"]
[Annotator "br"]
[PlyCount "68"]
[GameId "489223828018"]
[EventDate "2024.01.18"]
[EventType "team-swiss"]
[EventRounds "7"]
[EventCountry "GER"]
[Tiebreak "Buchholz"]
[SourceTitle "XXII. DBMM Schach"]
[Source "FV Schach e.V."]
[SourceDate "2024.01.21"]
[SourceVersion "1"]
[SourceVersionDate "2024.01.21"]
[SourceQuality "1"]
[WhiteTeam "Gardez Robe Berlin II"]
[BlackTeam "SV Sparkassenversicherung Suttgart"]
[WhiteTeamCountry "GER"]
[BlackTeamCountry "GER"]

1. e4 c6 2. d4 d5 3. exd5 cxd5 4. Nf3 Bg4 5. Bb5+ Nc6 6. h3 Bxf3 7. Qxf3 e6 8. c3 Qb6 9. Ba4 Bd6 10. O-O Nf6 11. b4 O-O 12. Bg5 Ne4 13. Bc1 Rac8 14. Qd3 Qc7 15. Bb2 Ne7 16. f3 Bh2+ 17. Kh1 Ng3+ 18. Kxh2 Nxf1+ 19. Kg1 Ng3 20. Bc2 Ng6 21. Bc1 Nf5 22. a4 Qg3 23. Qf1 Nxd4 24. Bxg6 Nb3 25. Bxh7+ Kxh7 26. Ra3 Nxc1 27. Qxc1 Qe5 28. Nd2 Rc7 29. Qc2+ Kg8 30. Qd3 Rfc8 31. Nb1 d4 32. Kf1 dxc3 33. Nxc3 Rxc3 34. Rxc3 Rxc3 0-1

[Event "XXII. DBMM Schach"]
[Site "Dresden"]
[Date "2024.01.20"]
[Round "5.4"]
[Board "4"]
[White "Zeger, Detlef"]
[Black "Lengowski, Joerg Uwe"]
[Result "0-1"]
[WhiteElo "1200"]
[BlackElo "1508"]
[Annotator "br"]
[PlyCount "60"]
[GameId "489223828019"]
[EventDate "2024.01.18"]
[EventType "team-swiss"]
[EventRounds "7"]
[EventCountry "GER"]
[Tiebreak "Buchholz"]
[SourceTitle "XXII. DBMM Schach"]
[Source "FV Schach e.V."]
[SourceDate "2024.01.21"]
[SourceVersion "1"]
[SourceVersionDate "2024.01.21"]
[SourceQuality "1"]
[WhiteTeam "SV Sparkassenversicherung Suttgart"]
[BlackTeam "Gardez Robe Berlin II"]
[WhiteTeamCountry "GER"]
[BlackTeamCountry "GER"]

1. d4 d5 2. Nc3 Nf6 3. f3 g6 4. Bf4 Bg7 5. Nb5 Na6 6. Qd3 c6 7. Nc3 Nb4 8. Qd2 a5 9. O-O-O b6 10. Qe3 O-O 11. g4 Re8 12. h4 h5 13. gxh5 Nxh5 14. Bh6 Bf5 15. Bxg7 Kxg7 16. Qe5+ f6 17. Qh2 Bxc2 18. Rd2 Bf5 19. e4 Be6 20. e5 Qb8 21. Re2 Nd3+ 22. Kd2 Ndf4 23. Re4 dxe4 24. Nxe4 fxe5 25. Ng5 Bf5 26. Bh3 e6 27. Bxf5 exf5 28. N1h3 Qd6 29. Kc3 Qxd4+ 30. Kc2 Rad8 0-1

[Event "XXII. DBMM Schach"]
[Site "Dresden"]
[Date "2024.01.20"]
[Round "5.1"]
[Board "1"]
[White "Fromme, Thorben"]
[Black "Grabow, Carsten"]
[Result "0-1"]
[WhiteElo "1700"]
[BlackElo "2067"]
[Annotator "br"]
[PlyCount "40"]
[GameId "489223828020"]
[EventDate "2024.01.18"]
[EventType "team-swiss"]
[EventRounds "7"]
[EventCountry "GER"]
[Tiebreak "Buchholz"]
[SourceTitle "XXII. DBMM Schach"]
[Source "FV Schach e.V."]
[SourceDate "2024.01.21"]
[SourceVersion "1"]
[SourceVersionDate "2024.01.21"]
[SourceQuality "1"]
[WhiteTeam "DZ Bank Frankfurt II"]
[BlackTeam "d-fine Frankfurt II"]
[WhiteTeamCountry "GER"]
[BlackTeamCountry "GER"]

1. e4 c5 2. Nf3 Nc6 3. d4 cxd4 4. Nxd4 Nf6 5. Nc3 e5 6. Ndb5 d6 7. Bg5 a6 8. Na3 b5 9. Nd5 Be7 10. Bxf6 Bxf6 11. c3 Rb8 12. Nc2 Bg5 13. Bd3 O-O 14. Nce3 g6 15. O-O f5 16. f3 Bxe3+ 17. Nxe3 Qb6 18. Qb3+ Kh8 19. Kh1 Qxe3 20. Qd5 Qc5 0-1

[Event "XXII. DBMM Schach"]
[Site "Dresden"]
[Date "2024.01.20"]
[Round "5.2"]
[Board "2"]
[White "Belzner, Jonas"]
[Black "Rasskazov, Oleg"]
[Result "1-0"]
[WhiteElo "1911"]
[BlackElo "1200"]
[Annotator "br"]
[PlyCount "77"]
[GameId "489223828021"]
[EventDate "2024.01.18"]
[EventType "team-swiss"]
[EventRounds "7"]
[EventCountry "GER"]
[Tiebreak "Buchholz"]
[SourceTitle "XXII. DBMM Schach"]
[Source "FV Schach e.V."]
[SourceDate "2024.01.21"]
[SourceVersion "1"]
[SourceVersionDate "2024.01.21"]
[SourceQuality "1"]
[WhiteTeam "d-fine Frankfurt II"]
[BlackTeam "DZ Bank Frankfurt II"]
[WhiteTeamCountry "GER"]
[BlackTeamCountry "GER"]

1. d4 d5 2. Nf3 Bf5 3. e3 Nf6 4. c4 e6 5. Nc3 Bb4 6. Qa4+ Nc6 7. Ne5 Bxc3+ 8. bxc3 O-O 9. Nxc6 Qd7 10. Ba3 Rfe8 11. cxd5 a6 12. Ne7+ Rxe7 13. Bb5 Qxd5 14. Bxe7 Qxg2 15. Rf1 Ng4 16. Bh4 Nxh2 17. Bg3 Nf3+ 18. Kd1 Ng1 19. Kd2 Rd8 20. Rxg1 Qe4 21. Be2 b5 22. Qb3 c5 23. Rac1 cxd4 24. cxd4 e5 25. Bd3 Qf3 26. Bxf5 Qxf5 27. Qc2 Qg5 28. Bxe5 Qxe5 29. Qc7 Qf6 30. Rg2 Re8 31. Qc6 Qe7 32. Rc5 Qd8 33. Ke2 g6 34. Rd5 Qb8 35. Rdg5 Re6 36. Qd7 Kg7 37. Re5 Rf6 38. Qe8 Rd6 39. Qxb8 1-0

[Event "XXII. DBMM Schach"]
[Site "Dresden"]
[Date "2024.01.20"]
[Round "5.3"]
[Board "3"]
[White "Elpelt, Silvia"]
[Black "Goeppl, Florian"]
[Result "1/2-1/2"]
[WhiteElo "1483"]
[BlackElo "2022"]
[Annotator "br"]
[PlyCount "57"]
[GameId "489223828022"]
[EventDate "2024.01.18"]
[EventType "team-swiss"]
[EventRounds "7"]
[EventCountry "GER"]
[Tiebreak "Buchholz"]
[SourceTitle "XXII. DBMM Schach"]
[Source "FV Schach e.V."]
[SourceDate "2024.01.21"]
[SourceVersion "1"]
[SourceVersionDate "2024.01.21"]
[SourceQuality "1"]
[WhiteTeam "DZ Bank Frankfurt II"]
[BlackTeam "d-fine Frankfurt II"]
[WhiteTeamCountry "GER"]
[BlackTeamCountry "GER"]

1. e4 c5 2. Nf3 d6 3. Nc3 g6 4. d4 cxd4 5. Nxd4 Nf6 6. Bb5+ Bd7 7. Bxd7+ Qxd7 8. O-O Bg7 9. Re1 O-O 10. f4 Nc6 11. Nf3 Rfd8 12. Nd5 Ng4 13. h3 Nh6 14. Rb1 e6 15. Ne3 d5 16. exd5 exd5 17. Ne5 Nxe5 18. fxe5 d4 19. Nc4 Nf5 20. Bg5 Re8 21. Qd3 h6 22. Bf4 Qd5 23. Ne3 Nxe3 24. Rxe3 Qxa2 25. Ree1 g5 26. Bg3 Qd5 27. Rbd1 Rad8 28. Re4 Qc5 29. Rde1 1/2-1/2

[Event "XXII. DBMM Schach"]
[Site "Dresden"]
[Date "2024.01.20"]
[Round "5.4"]
[Board "4"]
[White "Sterin, Andrei"]
[Black "Kulp, Thomas"]
[Result "1-0"]
[WhiteElo "1400"]
[BlackElo "1200"]
[Annotator "br"]
[PlyCount "59"]
[GameId "489223828023"]
[EventDate "2024.01.18"]
[EventType "team-swiss"]
[EventRounds "7"]
[EventCountry "GER"]
[Tiebreak "Buchholz"]
[SourceTitle "XXII. DBMM Schach"]
[Source "FV Schach e.V."]
[SourceDate "2024.01.21"]
[SourceVersion "1"]
[SourceVersionDate "2024.01.21"]
[SourceQuality "1"]
[WhiteTeam "d-fine Frankfurt II"]
[BlackTeam "DZ Bank Frankfurt II"]
[WhiteTeamCountry "GER"]
[BlackTeamCountry "GER"]

1. e4 c6 2. d4 d5 3. e5 c5 4. c3 Nc6 5. f4 e6 6. Nf3 Nge7 7. dxc5 Ng6 8. b4 a6 9. Be3 Be7 10. Be2 Nh4 11. O-O Nf5 12. Bf2 O-O 13. g4 Nh4 14. Nd4 f5 15. Bxh4 Nxd4 16. cxd4 Bxh4 17. g5 Bxg5 18. fxg5 Qxg5+ 19. Kh1 Bd7 20. Rg1 Qh4 21. a4 f4 22. Ra3 Kh8 23. Bg4 Kg8 24. Rh3 Qe7 25. Rxh7 Kxh7 26. Bf5+ g6 27. Qh5+ Kg7 28. Qxg6+ Kh8 29. Qh6+ Qh7 30. Qxh7# 1-0

[Event "XXII. DBMM Schach"]
[Site "Dresden"]
[Date "2024.01.20"]
[Round "5.1"]
[Board "1"]
[White "Hebbinghaus, Holger"]
[Black "Raum, Norbert"]
[Result "1-0"]
[WhiteElo "2151"]
[BlackElo "1842"]
[Annotator "br"]
[PlyCount "115"]
[GameId "489223828027"]
[EventDate "2024.01.18"]
[EventType "team-swiss"]
[EventRounds "7"]
[EventCountry "GER"]
[Tiebreak "Buchholz"]
[SourceTitle "XXII. DBMM Schach"]
[Source "FV Schach e.V."]
[SourceDate "2024.01.21"]
[SourceVersion "1"]
[SourceVersionDate "2024.01.21"]
[SourceQuality "1"]
[WhiteTeam "BWVL Hamburg"]
[BlackTeam "BA Nord/Baubehoerde Hamburg II"]
[WhiteTeamCountry "GER"]
[BlackTeamCountry "GER"]

1. e4 d5 2. exd5 Qxd5 3. Nc3 Qd6 4. d4 Nf6 5. Nf3 c6 6. Ne5 Nbd7 7. Nc4 Qc7 8. Qf3 Nb6 9. Bg5 Bg4 10. Qg3 Qxg3 11. hxg3 Nfd5 12. Nxd5 Nxd5 13. c3 h6 14. Bd3 Rg8 15. Bd2 O-O-O 16. Ne5 Be6 17. Bc4 g5 18. O-O-O f6 19. Nd3 Nc7 20. Bxe6+ Nxe6 21. Rde1 Nc7 22. Kc2 e6 23. g4 Rg6 24. Rh3 Bd6 25. Reh1 Rh8 26. c4 Na6 27. Bc3 Rh7 28. a4 f5 29. gxf5 exf5 30. Rh5 c5 31. d5 Kd7 32. Bd2 Nb4+ 33. Bxb4 cxb4 34. c5 Bf4 35. Re1 Re7 36. Rxe7+ Kxe7 37. Nxb4 b6 38. Nc6+ Kd7 39. b4 bxc5 40. bxc5 Rxc6 41. dxc6+ Kxc6 42. Rxh6+ Kxc5 43. Rf6 Kb4 44. Rxf5 Kxa4 45. g3 Bc7 46. Rxg5 Ka3 47. f4 a5 48. Rc5 Bb6 49. Rb5 Bc7 50. f5 a4 51. g4 Ka2 52. f6 a3 53. f7 Bd6 54. Rf5 Bf8 55. Rf1 Bg7 56. f8=Q Bxf8 57. Rxf8 Ka1 58. Kb3 1-0

[Event "XXII. DBMM Schach"]
[Site "Dresden"]
[Date "2024.01.20"]
[Round "5.2"]
[Board "2"]
[White "Kaliski, Achim"]
[Black "Varain, Ernst Helmuth"]
[Result "0-1"]
[WhiteElo "1950"]
[BlackElo "2019"]
[Annotator "br"]
[PlyCount "77"]
[GameId "489223828028"]
[EventDate "2024.01.18"]
[EventType "team-swiss"]
[EventRounds "7"]
[EventCountry "GER"]
[Tiebreak "Buchholz"]
[SourceTitle "XXII. DBMM Schach"]
[Source "FV Schach e.V."]
[SourceDate "2024.01.21"]
[SourceVersion "1"]
[SourceVersionDate "2024.01.21"]
[SourceQuality "1"]
[WhiteTeam "BA Nord/Baubehoerde Hamburg II"]
[BlackTeam "BWVL Hamburg"]
[WhiteTeamCountry "GER"]
[BlackTeamCountry "GER"]

1. e4 e5 2. Bc4 Nc6 3. Nc3 Nf6 4. d3 Bc5 5. a3 O-O 6. Nf3 a6 7. O-O d6 8. h3 h6 9. Ne2 d5 10. exd5 Nxd5 11. Ng3 Re8 12. Ne4 Bf8 13. Bd2 Be6 14. Ba2 f5 15. Nc3 Qd7 16. Re1 Bf7 17. Re2 Nf6 18. Bxf7+ Qxf7 19. Qe1 Bd6 20. Be3 Rad8 21. Rd1 b5 22. Nb1 Rb8 23. c3 a5 24. Kf1 a4 25. Bc1 Qh5 26. Ng1 Nd7 27. f3 Qg6 28. Be3 Rf8 29. Rf2 Nf6 30. Qd2 Nd5 31. Qc1 f4 32. Bd2 Qxd3+ 33. Re2 Qc4 34. h4 Na5 35. Nh3 Nb3 36. Qc2 Nxd2+ 37. Qxd2 Ne3+ 38. Ke1 Nxd1 39. Qxd1 0-1

[Event "XXII. DBMM Schach"]
[Site "Dresden"]
[Date "2024.01.20"]
[Round "5.3"]
[Board "3"]
[White "Felten, Joachim"]
[Black "Lindemann, Thomas"]
[Result "1-0"]
[WhiteElo "2096"]
[BlackElo "1537"]
[Annotator "br"]
[PlyCount "49"]
[GameId "489223828029"]
[EventDate "2024.01.18"]
[EventType "team-swiss"]
[EventRounds "7"]
[EventCountry "GER"]
[Tiebreak "Buchholz"]
[SourceTitle "XXII. DBMM Schach"]
[Source "FV Schach e.V."]
[SourceDate "2024.01.21"]
[SourceVersion "1"]
[SourceVersionDate "2024.01.21"]
[SourceQuality "1"]
[WhiteTeam "BWVL Hamburg"]
[BlackTeam "BA Nord/Baubehoerde Hamburg II"]
[WhiteTeamCountry "GER"]
[BlackTeamCountry "GER"]

1. e4 e5 2. Nf3 Nc6 3. d4 exd4 4. Bc4 h6 5. Nxd4 Qf6 6. Be3 Bc5 7. c3 d6 8. O-O Nge7 9. Nb5 O-O 10. Nxc7 Rb8 11. Bxc5 dxc5 12. Nd5 Nxd5 13. Bxd5 Ne5 14. Nd2 b5 15. Qe2 a6 16. f4 Bg4 17. fxe5 Bxe2 18. exf6 Bxf1 19. fxg7 Kxg7 20. Rxf1 Rbd8 21. Rf5 Rd6 22. Nf3 f6 23. Nh4 Rb8 24. Rf3 a5 25. Nf5+ 1-0

[Event "XXII. DBMM Schach"]
[Site "Dresden"]
[Date "2024.01.20"]
[Round "5.4"]
[Board "4"]
[White "Mahler, Sonja"]
[Black "Limbach, Torsten"]
[Result "0-1"]
[WhiteElo "1428"]
[BlackElo "1980"]
[Annotator "br"]
[PlyCount "72"]
[GameId "489223828030"]
[EventDate "2024.01.18"]
[EventType "team-swiss"]
[EventRounds "7"]
[EventCountry "GER"]
[Tiebreak "Buchholz"]
[SourceTitle "XXII. DBMM Schach"]
[Source "FV Schach e.V."]
[SourceDate "2024.01.21"]
[SourceVersion "1"]
[SourceVersionDate "2024.01.21"]
[SourceQuality "1"]
[WhiteTeam "BA Nord/Baubehoerde Hamburg II"]
[BlackTeam "BWVL Hamburg"]
[WhiteTeamCountry "GER"]
[BlackTeamCountry "GER"]

1. d4 d5 2. Bf4 Nf6 3. e3 c5 4. Na3 a6 5. c3 Nc6 6. Rc1 c4 7. Nf3 Bf5 8. Nh4 Bc8 9. Qc2 e6 10. Be2 Be7 11. Nf3 Bd6 12. Bg3 O-O 13. Bh4 Be7 14. Bg3 Bd6 15. Bh4 b5 16. Rd1 Be7 17. Bg3 Ne4 18. Kf1 f5 19. Kg1 Nxg3 20. hxg3 Rb8 21. g4 a5 22. gxf5 exf5 23. Ne5 Qd6 24. Bf3 Be6 25. g3 Nxe5 26. dxe5 Qxe5 27. Rh5 g6 28. Rh6 b4 29. Nb1 b3 30. axb3 Rxb3 31. Kg2 Bg5 32. Rhh1 Rfb8 33. Na3 Rxb2 34. Qa4 Bxe3 35. Rhe1 Rxf2+ 36. Kh1 Qxg3 0-1

[Event "XXII. DBMM Schach"]
[Site "Dresden"]
[Date "2024.01.20"]
[Round "5.1"]
[Board "1"]
[White "Warnest, Stefan"]
[Black "Spory, Rayk"]
[Result "0-1"]
[WhiteElo "1569"]
[BlackElo "1722"]
[Annotator "br"]
[PlyCount "96"]
[GameId "489223828031"]
[EventDate "2024.01.18"]
[EventType "team-swiss"]
[EventRounds "7"]
[EventCountry "GER"]
[Tiebreak "Buchholz"]
[SourceTitle "XXII. DBMM Schach"]
[Source "FV Schach e.V."]
[SourceDate "2024.01.21"]
[SourceVersion "1"]
[SourceVersionDate "2024.01.21"]
[SourceQuality "1"]
[WhiteTeam "BA Tempelhof Berlin IV"]
[BlackTeam "Berliner Volksbank"]
[WhiteTeamCountry "GER"]
[BlackTeamCountry "GER"]

1. e4 e5 2. Nf3 Nc6 3. Bb5 a6 4. Bxc6 dxc6 5. d4 exd4 6. Qxd4 Qxd4 7. Nxd4 Bd7 8. O-O O-O-O 9. Nc3 Re8 10. Nf3 Bb4 11. e5 Bxc3 12. bxc3 Ne7 13. Be3 b6 14. a4 Nd5 15. Bd2 Bg4 16. Ng5 Bh5 17. f4 f6 18. exf6 gxf6 19. Nf3 Re2 20. Rf2 Bxf3 21. gxf3 Rg8+ 22. Kf1 Rxf2+ 23. Kxf2 Ne7 24. Rg1 Rxg1 25. Kxg1 b5 26. axb5 cxb5 27. Kf2 Kd7 28. Ke2 Ke6 29. Kd3 c5 30. c4 b4 31. Bc1 a5 32. c3 b3 33. Ke4 f5+ 34. Kd3 a4 35. Ba3 Kd6 36. Ke2 Ng6 37. Ke3 Nf8 38. Kf2 Ke6 39. Ke2 Kf6 40. Kf2 Kg6 41. Kg3 Nd7 42. Kf2 Nb6 43. Ke2 Nxc4 44. Bc1 b2 45. Bxb2 Nxb2 46. Kd2 Nc4+ 47. Kc2 a3 48. Kb3 Kh5 0-1

[Event "XXII. DBMM Schach"]
[Site "Dresden"]
[Date "2024.01.20"]
[Round "5.2"]
[Board "2"]
[White "Boettger, Bernd"]
[Black "Wolf, Wilfried"]
[Result "1/2-1/2"]
[WhiteElo "1583"]
[BlackElo "1695"]
[Annotator "br"]
[PlyCount "46"]
[GameId "489223828032"]
[EventDate "2024.01.18"]
[EventType "team-swiss"]
[EventRounds "7"]
[EventCountry "GER"]
[Tiebreak "Buchholz"]
[SourceTitle "XXII. DBMM Schach"]
[Source "FV Schach e.V."]
[SourceDate "2024.01.21"]
[SourceVersion "1"]
[SourceVersionDate "2024.01.21"]
[SourceQuality "1"]
[WhiteTeam "Berliner Volksbank"]
[BlackTeam "BA Tempelhof Berlin IV"]
[WhiteTeamCountry "GER"]
[BlackTeamCountry "GER"]

1. d4 d5 2. Nf3 Nf6 3. e3 e6 4. Bd3 Bd6 5. Nbd2 O-O 6. O-O Nbd7 7. Re1 b6 8. e4 dxe4 9. Nxe4 Bb7 10. Nxd6 cxd6 11. Bf4 Qc7 12. c3 Rfe8 13. Qc2 Bxf3 14. gxf3 g6 15. Be4 Rad8 16. Bg5 Rc8 17. Kh1 d5 18. Bd3 Nh5 19. Qd2 f6 20. Bh4 Qf4 21. Qxf4 Nxf4 22. Bb5 Rc7 23. Bg3 g5 1/2-1/2

[Event "XXII. DBMM Schach"]
[Site "Dresden"]
[Date "2024.01.20"]
[Round "5.3"]
[Board "3"]
[White "Frahm, Werner"]
[Black "Von Schoening, Ulrich"]
[Result "0-1"]
[WhiteElo "1535"]
[BlackElo "1550"]
[Annotator "br"]
[PlyCount "40"]
[GameId "489223828033"]
[EventDate "2024.01.18"]
[EventType "team-swiss"]
[EventRounds "7"]
[EventCountry "GER"]
[Tiebreak "Buchholz"]
[SourceTitle "XXII. DBMM Schach"]
[Source "FV Schach e.V."]
[SourceDate "2024.01.21"]
[SourceVersion "1"]
[SourceVersionDate "2024.01.21"]
[SourceQuality "1"]
[WhiteTeam "BA Tempelhof Berlin IV"]
[BlackTeam "Berliner Volksbank"]
[WhiteTeamCountry "GER"]
[BlackTeamCountry "GER"]

1. d4 d5 2. Nf3 c6 3. e3 Nf6 4. Be2 Bf5 5. Nbd2 Nbd7 6. c4 e6 7. c5 Be7 8. O-O Qc7 9. Re1 h5 10. Nf1 Ne4 11. Ng3 h4 12. Nxf5 exf5 13. h3 g5 14. Nd2 Ndf6 15. f3 Ng3 16. Bd3 g4 17. Nf1 gxh3 18. Nxg3 Qxg3 19. Bf1 hxg2 20. Bxg2 O-O-O 0-1

[Event "XXII. DBMM Schach"]
[Site "Dresden"]
[Date "2024.01.20"]
[Round "5.4"]
[Board "4"]
[White "Siewert, Klaus Juergen"]
[Black "Meseck, Michael"]
[Result "1-0"]
[WhiteElo "1641"]
[BlackElo "1487"]
[Annotator "br"]
[PlyCount "69"]
[GameId "489223828034"]
[EventDate "2024.01.18"]
[EventType "team-swiss"]
[EventRounds "7"]
[EventCountry "GER"]
[Tiebreak "Buchholz"]
[SourceTitle "XXII. DBMM Schach"]
[Source "FV Schach e.V."]
[SourceDate "2024.01.21"]
[SourceVersion "1"]
[SourceVersionDate "2024.01.21"]
[SourceQuality "1"]
[WhiteTeam "Berliner Volksbank"]
[BlackTeam "BA Tempelhof Berlin IV"]
[WhiteTeamCountry "GER"]
[BlackTeamCountry "GER"]

1. Nf3 d5 2. c4 e6 3. e3 Nf6 4. a3 Nc6 5. d4 Be7 6. Nc3 O-O 7. Bd3 dxc4 8. Bxc4 a5 9. O-O b6 10. b3 Bb7 11. Bb2 Nd5 12. Rc1 Nxc3 13. Rxc3 Bf6 14. Rc2 Na7 15. Rd2 b5 16. Be2 Bd5 17. Ne5 Qc8 18. Nd3 Rb8 19. Nc5 Nc6 20. e4 Bxb3 21. Nxb3 a4 22. Nc5 Rd8 23. e5 Be7 24. Bf3 Na5 25. Qc2 Nc4 26. Rdd1 Nxb2 27. Qxb2 c6 28. Qc3 Ra8 29. Rc1 Ra7 30. Rfd1 Rc7 31. Rc2 Bg5 32. g3 Bh6 33. Ne4 Kh8 34. Nd6 Rxd6 35. exd6 1-0